000
00284nam a22001217a 4500
008
181011b xxu||||| |||| 00| 0 eng d
041
_a
eng
080
_a
159.9
100
_a
49
101
_a
PSI
245
_a
Psychological Development in Health and Disease
_c
Engel
942
_2
udc
_c
BK
999
_c
49363
_d
49363